000 00886pam a2200289 a 4500
001 33394
003 BD-RjUL
005 20211209052012.0
008 140507s19891982e a b 00110 eng d
020 _a0803918046
035 _a(BD-RjUL)33485
039 0 _a2
_b3
_c3
_d3
_e3
040 _aDLC
_cDLC
_dBD-RjUL
_beng
041 _aeng
082 _a300.724
_bBLC 1989
100 1 0 _aBlalock, Hubert M.
_957182
245 1 0 _aConceptualization and measurement in the social sciences /
_cHubert M. Blalock, Jr.
260 _aLondon ;
_aDelhi :
_bSage Publications,
_cc1982 [Printing 1989].
300 _a285 p. :
_bill. ;
_c22 cm.
500 _aIncludes index.
504 _aBibliography: p. 273-279.
650 0 _aSocial sciences
_xMethodology.
_9101364
650 0 _aSocial sciences
_xStatistical methods.
_9904
942 _2ddc
_cBK
999 _c33394
_d33394